Listado de productos de excepción consolidados por Guatemala en el GATT. Anexo No. 3
Salvato in:
| Natura: | testo |
|---|---|
| Pubblicazione: |
San José
|
| Tags: |
Aggiungi Tag
Nessun Tag, puoi essere il primo ad aggiungerne!!
|
MARC
| LEADER | 00000 a a2200000 04500 | ||
|---|---|---|---|
| 001 | 24433 | ||
| 003 | |||
| 040 | |||
| 090 | |a 175204 | ||
| 245 | |a Listado de productos de excepción consolidados por Guatemala en el GATT. Anexo No. 3 | ||
| 260 | |a San José | ||
| 300 | |a 33 p. | ||
| 999 | |c 17597 |d 17597 | ||
